[Event "DEM U18 2020"]
[Site "Willingen GER"]
[Date "2020.10.21"]
[Round "2"]
[White "Wong, Gengchun"]
[Black "Gutkin, Ilya"]
[Result "0-1"]
[Termination "normal"]
[Board "8"]
[WhiteElo "2120"]
[BlackElo "2203"]
[WhiteClock "00:04:13"]
[BlackClock "00:02:59"]
[PlyCount "166"]
[WhiteFideId "12963283"]
[BlackFideId "16203470"]
[EventCountry "GER"]
[EventRounds "7"]
[EventType "swiss"]
[EventDate "2020.10.19"]

1. d4 {[%clk 1:30:56]} e6 {[%clk 1:29:54]} 2. e4 {[%clk 1:31:19]} d5 {[%clk
1:30:22]} 3. Nd2 {[%clk 1:31:37]} c5 {[%clk 1:30:47]} 4. exd5 {[%clk 1:32:00]}
exd5 {[%clk 1:30:33]} 5. Ngf3 {[%clk 1:32:20]} a6 {[%clk 1:30:29]} 6. Be2
{[%clk 1:31:20]} Nf6 {[%clk 1:29:49]} 7. O-O {[%clk 1:31:44]} Bd6 {[%clk
1:29:24]} 8. dxc5 {[%clk 1:32:09]} Bxc5 {[%clk 1:29:49]} 9. Nb3 {[%clk
1:31:41]} Bb6 {[%clk 1:30:07]} 10. c4 {[%clk 1:26:03]} Be6 {[%clk 1:18:58]} 11.
c5 {[%clk 1:25:59]} Bc7 {[%clk 1:17:05]} 12. Bg5 {[%clk 1:22:32]} O-O {[%clk
1:12:13]} 13. Nbd4 {[%clk 1:21:43]} Nc6 {[%clk 1:05:04]} 14. Rc1 {[%clk
1:12:28]} h6 {[%clk 0:59:32]} 15. Bh4 {[%clk 1:08:26]} Bf4 {[%clk 0:58:27]} 16.
Rb1 {[%clk 1:04:35]} g5 {[%clk 0:52:17]} 17. Bg3 {[%clk 1:04:16]} Bxg3 {[%clk
0:52:41]} 18. hxg3 {[%clk 1:03:52]} Ne4 {[%clk 0:52:57]} 19. Nxc6 {[%clk
0:48:35]} bxc6 {[%clk 0:53:10]} 20. Qd4 {[%clk 0:48:15]} a5 {[%clk 0:43:32]}
21. Rbc1 {[%clk 0:42:06]} Rb8 {[%clk 0:30:10]} 22. Bd3 {[%clk 0:33:32]} Rb4
{[%clk 0:27:04]} 23. Qe5 {[%clk 0:33:32]} Bg4 {[%clk 0:20:28]} 24. Bxe4 {[%clk
0:32:09]} Rxe4 {[%clk 0:20:08]} 25. Qd6 {[%clk 0:26:45]} Bxf3 {[%clk 0:19:59]}
26. gxf3 {[%clk 0:24:52]} Re6 {[%clk 0:20:24]} 27. Qxd8 {[%clk 0:24:00]} Rxd8
{[%clk 0:20:49]} 28. Rc2 {[%clk 0:15:56]} Rb8 {[%clk 0:17:46]} 29. Rd1 {[%clk
0:14:24]} Rb4 {[%clk 0:16:30]} 30. Kf1 {[%clk 0:13:51]} Kg7 {[%clk 0:15:29]}
31. Rd3 {[%clk 0:13:51]} h5 {[%clk 0:12:16]} 32. Ra3 {[%clk 0:13:22]} Rb5
{[%clk 0:11:20]} 33. Ra4 {[%clk 0:13:03]} Re8 {[%clk 0:09:19]} 34. Rd4 {[%clk
0:09:32]} Kf6 {[%clk 0:08:43]} 35. Rd3 {[%clk 0:08:31]} Kf5 {[%clk 0:08:10]}
36. Rd4 {[%clk 0:08:42]} Kf6 {[%clk 0:07:15]} 37. Rd3 {[%clk 0:09:07]} h4
{[%clk 0:05:27]} 38. Kg2 {[%clk 0:06:35]} hxg3 {[%clk 0:00:52]} 39. fxg3 {[%clk
0:07:00]} Re1 {[%clk 0:01:12]} 40. Kf2 {[%clk 0:06:45]} Rh1 {[%clk 0:01:22]}
41. Kg2 {[%clk 0:04:04]} Rb1 {[%clk 0:01:08]} 42. Rdd2 {[%clk 0:03:34]} Rb4
{[%clk 0:29:59]} 43. Kf2 {[%clk 0:33:51]} a4 {[%clk 0:21:04]} 44. Kg2 {[%clk
0:29:05]} Ra1 {[%clk 0:18:34]} 45. a3 {[%clk 0:29:17]} Rb3 {[%clk 0:18:54]} 46.
Rd4 {[%clk 0:21:08]} Ra2 {[%clk 0:18:38]} 47. Rdd2 {[%clk 0:21:15]} Ke5 {[%clk
0:16:32]} 48. Re2+ {[%clk 0:21:02]} Kf6 {[%clk 0:12:33]} 49. Red2 {[%clk
0:21:31]} Kf5 {[%clk 0:11:11]} 50. Kf2 {[%clk 0:21:10]} Kg6 {[%clk 0:10:40]}
51. Kg2 {[%clk 0:21:26]} f5 {[%clk 0:10:34]} 52. Kf2 {[%clk 0:20:56]} Kf6
{[%clk 0:10:54]} 53. Kg2 {[%clk 0:17:57]} Ke5 {[%clk 0:09:31]} 54. Re2+ {[%clk
0:16:48]} Kd4 {[%clk 0:09:52]} 55. Red2+ {[%clk 0:12:00]} Ke5 {[%clk 0:08:55]}
56. Re2+ {[%clk 0:12:20]} Kf6 {[%clk 0:08:50]} 57. Red2 {[%clk 0:12:34]} f4
{[%clk 0:08:14]} 58. gxf4 {[%clk 0:11:48]} gxf4 {[%clk 0:08:38]} 59. Kf2 {[%clk
0:07:26]} Kf5 {[%clk 0:08:56]} 60. Kg2 {[%clk 0:07:11]} Re3 {[%clk 0:07:37]}
61. Rf2 {[%clk 0:03:59]} Ra1 {[%clk 0:07:18]} 62. Rfd2 {[%clk 0:04:23]} Ke5
{[%clk 0:07:27]} 63. Kf2 {[%clk 0:04:06]} Rae1 {[%clk 0:04:45]} 64. Kg2 {[%clk
0:04:06]} Rb3 {[%clk 0:04:57]} 65. Rf2 {[%clk 0:03:32]} Rd3 {[%clk 0:04:05]}
66. Kh2 {[%clk 0:03:41]} Rdd1 {[%clk 0:03:18]} 67. Rfe2+ {[%clk 0:02:39]} Kd4
{[%clk 0:03:26]} 68. Rxe1 {[%clk 0:03:07]} Rxe1 {[%clk 0:03:45]} 69. Kh3 {[%clk
0:03:20]} Rg1 {[%clk 0:03:33]} 70. Rc3 {[%clk 0:01:58]} Rb1 {[%clk 0:03:14]}
71. Rc2 {[%clk 0:01:33]} Ke3 {[%clk 0:02:50]} 72. Kg4 {[%clk 0:01:32]} d4
{[%clk 0:01:45]} 73. Rc4 {[%clk 0:01:57]} Rg1+ {[%clk 0:01:39]} 74. Kf5 {[%clk
0:02:23]} d3 {[%clk 0:02:02]} 75. Re4+ {[%clk 0:02:40]} Kxf3 {[%clk 0:02:26]}
76. Rxf4+ {[%clk 0:03:06]} Ke3 {[%clk 0:02:21]} 77. Re4+ {[%clk 0:03:32]} Kf2
{[%clk 0:02:02]} 78. Rf4+ {[%clk 0:03:50]} Ke2 {[%clk 0:02:21]} 79. Re4+ {[%clk
0:04:17]} Kd1 {[%clk 0:02:44]} 80. Rxa4 {[%clk 0:04:28]} Kc2 {[%clk 0:02:11]}
81. Rd4 {[%clk 0:03:58]} d2 {[%clk 0:02:21]} 82. b4 {[%clk 0:03:48]} d1=Q
{[%clk 0:02:33]} 83. Rxd1 {[%clk 0:04:13]} Rxd1 {[%clk 0:02:59]} *

[Event "DEM U18 2020"]
[Site "Willingen GER"]
[Date "2020.10.21"]
[Round "2"]
[White "Huber, Benedikt"]
[Black "Matthes, Aaron"]
[Result "1-0"]
[Termination "normal"]
[Board "9"]
[WhiteElo "2191"]
[BlackElo "2198"]
[WhiteClock "00:26:15"]
[BlackClock "00:49:23"]
[PlyCount "53"]
[WhiteFideId "12923583"]
[BlackFideId "16227310"]
[EventCountry "GER"]
[EventRounds "7"]
[EventType "swiss"]
[EventDate "2020.10.19"]

1. d4 {[%clk 1:30:58]} Nf6 {[%clk 1:30:55]} 2. c4 {[%clk 1:31:00]} e6 {[%clk
1:31:20]} 3. Nc3 {[%clk 1:31:02]} Bb4 {[%clk 1:31:43]} 4. f3 {[%clk 1:30:58]}
c5 {[%clk 1:31:57]} 5. d5 {[%clk 1:30:37]} b5 {[%clk 1:32:06]} 6. e4 {[%clk
1:30:00]} O-O {[%clk 1:32:18]} 7. Bg5 {[%clk 1:28:05]} h6 {[%clk 1:32:18]} 8.
Bh4 {[%clk 1:27:45]} d6 {[%clk 1:32:42]} 9. Bd3 {[%clk 1:21:23]} Nbd7 {[%clk
1:22:16]} 10. Nge2 {[%clk 1:12:31]} bxc4 {[%clk 1:11:29]} 11. Bxc4 {[%clk
0:44:57]} Nb6 {[%clk 1:08:38]} 12. Bb5 {[%clk 0:31:45]} exd5 {[%clk 1:08:10]}
13. exd5 {[%clk 0:31:57]} Bb7 {[%clk 1:06:28]} 14. O-O {[%clk 0:31:44]} Nbxd5
{[%clk 0:53:55]} 15. Nxd5 {[%clk 0:31:19]} Bxd5 {[%clk 0:49:35]} 16. Bxf6
{[%clk 0:31:37]} Qb6 {[%clk 0:49:31]} 17. Qxd5 {[%clk 0:27:32]} Qxb5 {[%clk
0:49:53]} 18. Nc3 {[%clk 0:27:56]} Qa5 {[%clk 0:48:19]} 19. a3 {[%clk 0:27:11]}
gxf6 {[%clk 0:48:41]} 20. axb4 {[%clk 0:27:35]} Qxb4 {[%clk 0:49:08]} 21. Ra4
{[%clk 0:26:28]} Qxb2 {[%clk 0:49:05]} 22. Rg4+ {[%clk 0:26:49]} Kh8 {[%clk
0:49:32]} 23. Qh5 {[%clk 0:26:40]} Qd2 {[%clk 0:49:30]} 24. f4 {[%clk 0:26:48]}
Qd4+ {[%clk 0:49:45]} 25. Kh1 {[%clk 0:26:48]} Kh7 {[%clk 0:50:13]} 26. Rh4
{[%clk 0:26:15]} Rg8 {[%clk 0:49:23]} 27. Qxh6# 1-0

[Event "DEM U18 2020"]
[Site "Willingen GER"]
[Date "2020.10.21"]
[Round "2"]
[White "Wensing, Maximilian"]
[Black "Lesny, Florian"]
[Result "1/2-1/2"]
[Termination "normal"]
[Board "10"]
[WhiteElo "2039"]
[BlackElo "2178"]
[WhiteClock "00:09:01"]
[BlackClock "00:22:06"]
[PlyCount "61"]
[WhiteFideId "16222415"]
[BlackFideId "12973874"]
[EventCountry "GER"]
[EventRounds "7"]
[EventType "swiss"]
[EventDate "2020.10.19"]

1. c4 {[%clk 1:30:52]} e6 {[%clk 1:30:53]} 2. g3 {[%clk 1:31:15]} d5 {[%clk
1:31:12]} 3. Bg2 {[%clk 1:31:35]} Nf6 {[%clk 1:31:33]} 4. Nf3 {[%clk 1:31:37]}
Be7 {[%clk 1:31:51]} 5. O-O {[%clk 1:31:59]} O-O {[%clk 1:32:12]} 6. b3 {[%clk
1:31:53]} c5 {[%clk 1:31:38]} 7. cxd5 {[%clk 1:31:12]} Nxd5 {[%clk 1:31:26]} 8.
Bb2 {[%clk 1:24:57]} Nc6 {[%clk 1:31:06]} 9. d4 {[%clk 1:22:43]} cxd4 {[%clk
1:29:40]} 10. Nxd4 {[%clk 1:22:33]} Bd7 {[%clk 1:28:57]} 11. Nc3 {[%clk
1:08:22]} Nxc3 {[%clk 1:14:16]} 12. Bxc3 {[%clk 1:08:41]} Rc8 {[%clk 1:11:32]}
13. Rc1 {[%clk 0:53:48]} Nxd4 {[%clk 0:55:03]} 14. Bxd4 {[%clk 0:52:03]} b6
{[%clk 0:50:24]} 15. Rxc8 {[%clk 0:42:02]} Bxc8 {[%clk 0:49:40]} 16. Qa1 {[%clk
0:42:01]} f6 {[%clk 0:47:05]} 17. Rd1 {[%clk 0:42:04]} Qc7 {[%clk 0:45:35]} 18.
Qc1 {[%clk 0:34:55]} Qxc1 {[%clk 0:43:12]} 19. Rxc1 {[%clk 0:35:20]} Rd8 {[%clk
0:42:15]} 20. Bf3 {[%clk 0:21:14]} e5 {[%clk 0:37:54]} 21. Be3 {[%clk 0:19:51]}
Bh3 {[%clk 0:36:20]} 22. Be4 {[%clk 0:19:01]} Ba3 {[%clk 0:34:57]} 23. Rb1
{[%clk 0:18:47]} Be6 {[%clk 0:33:54]} 24. f3 {[%clk 0:17:11]} Kf7 {[%clk
0:32:10]} 25. h4 {[%clk 0:16:25]} g6 {[%clk 0:30:45]} 26. Kf2 {[%clk 0:16:18]}
f5 {[%clk 0:30:05]} 27. Bd3 {[%clk 0:15:44]} Rc8 {[%clk 0:26:42]} 28. Rh1
{[%clk 0:12:56]} h5 {[%clk 0:26:29]} 29. Rd1 {[%clk 0:12:38]} Be7 {[%clk
0:23:55]} 30. Rc1 {[%clk 0:08:41]} Rxc1 {[%clk 0:22:06]} 31. Bxc1 {[%clk
0:09:01]} 1/2-1/2

[Event "DEM U18 2020"]
[Site "Willingen GER"]
[Date "2020.10.21"]
[Round "2"]
[White "Lange, Jannis"]
[Black "Junker, Magnus"]
[Result "1-0"]
[Termination "normal"]
[Board "11"]
[WhiteElo "2126"]
[BlackElo "2093"]
[WhiteClock "00:29:19"]
[BlackClock "00:51:35"]
[PlyCount "96"]
[WhiteFideId "12993107"]
[BlackFideId "16218507"]
[EventCountry "GER"]
[EventRounds "7"]
[EventType "swiss"]
[EventDate "2020.10.19"]

1. e4 {[%clk 1:30:58]} c5 {[%clk 1:30:55]} 2. Nf3 {[%clk 1:31:24]} d6 {[%clk
1:31:23]} 3. Bb5+ {[%clk 1:31:46]} Nd7 {[%clk 1:31:47]} 4. d4 {[%clk 1:31:28]}
cxd4 {[%clk 1:31:53]} 5. Qxd4 {[%clk 1:31:33]} a6 {[%clk 1:31:56]} 6. Bxd7+
{[%clk 1:31:39]} Bxd7 {[%clk 1:30:53]} 7. Nc3 {[%clk 1:30:48]} Nf6 {[%clk
1:30:27]} 8. O-O {[%clk 1:22:59]} e5 {[%clk 1:26:28]} 9. Qd3 {[%clk 1:23:11]}
Be7 {[%clk 1:26:49]} 10. Bg5 {[%clk 1:20:00]} Bc6 {[%clk 1:23:30]} 11. Rfd1
{[%clk 1:10:41]} Qb6 {[%clk 1:19:50]} 12. Bxf6 {[%clk 0:58:18]} Bxf6 {[%clk
1:20:14]} 13. Nd2 {[%clk 0:58:02]} O-O {[%clk 1:18:17]} 14. Nc4 {[%clk
0:55:49]} Qc5 {[%clk 1:17:05]} 15. Ne3 {[%clk 0:45:44]} Rad8 {[%clk 1:14:55]}
16. Ncd5 {[%clk 0:41:21]} Bg5 {[%clk 1:13:55]} 17. b4 {[%clk 0:36:17]} Qa7
{[%clk 1:05:40]} 18. a4 {[%clk 0:35:40]} Bxe3 {[%clk 1:02:19]} 19. Nxe3 {[%clk
0:35:59]} Qb6 {[%clk 0:58:43]} 20. c3 {[%clk 0:35:10]} Qc7 {[%clk 0:55:31]} 21.
c4 {[%clk 0:31:18]} b6 {[%clk 0:51:47]} 22. Rd2 {[%clk 0:24:51]} g6 {[%clk
0:49:35]} 23. f3 {[%clk 0:23:55]} Ba8 {[%clk 0:45:59]} 24. Rad1 {[%clk
0:22:58]} Qc6 {[%clk 0:45:11]} 25. Qa3 {[%clk 0:22:05]} f5 {[%clk 0:43:50]} 26.
b5 {[%clk 0:21:11]} axb5 {[%clk 0:39:46]} 27. axb5 {[%clk 0:21:05]} Qc7 {[%clk
0:37:33]} 28. exf5 {[%clk 0:19:10]} gxf5 {[%clk 0:37:29]} 29. Rxd6 {[%clk
0:15:00]} f4 {[%clk 0:37:03]} 30. Nf5 {[%clk 0:13:30]} Rxd6 {[%clk 0:32:22]}
31. Qxd6 {[%clk 0:12:23]} Qxd6 {[%clk 0:32:08]} 32. Nxd6 {[%clk 0:12:48]} Rd8
{[%clk 0:32:33]} 33. Rd2 {[%clk 0:12:49]} Bb7 {[%clk 0:31:38]} 34. Kf2 {[%clk
0:11:41]} Bc8 {[%clk 0:31:53]} 35. Ne4 {[%clk 0:06:06]} Rxd2+ {[%clk 0:31:50]}
36. Nxd2 {[%clk 0:06:33]} Be6 {[%clk 0:30:53]} 37. c5 {[%clk 0:05:03]} bxc5
{[%clk 0:28:37]} 38. b6 {[%clk 0:05:29]} Bd5 {[%clk 0:28:52]} 39. Nb3 {[%clk
0:05:33]} c4 {[%clk 0:28:58]} 40. Nc5 {[%clk 0:05:59]} Kf7 {[%clk 0:28:08]} 41.
b7 {[%clk 0:04:44]} Bxb7 {[%clk 0:28:35]} 42. Nxb7 {[%clk 0:05:10]} Ke6 {[%clk
0:28:59]} 43. Nc5+ {[%clk 0:04:04]} Kd5 {[%clk 0:29:23]} 44. Ne4 {[%clk
0:04:26]} Kd4 {[%clk 0:29:49]} 45. Ke2 {[%clk 0:04:00]} c3 {[%clk 0:30:14]} 46.
h4 {[%clk 0:02:24]} h5 {[%clk 0:30:09]} 47. Nf6 {[%clk 0:29:04]} Kc4 {[%clk
0:51:35]} 48. Kd1 {[%clk 0:29:19]} Kd5 1-0

[Event "DEM U18 2020"]
[Site "Willingen GER"]
[Date "2020.10.21"]
[Round "2"]
[White "Papadopoulos, Ioannis"]
[Black "Bosselmann, Tom Linus"]
[Result "1/2-1/2"]
[Termination "normal"]
[Board "12"]
[WhiteElo "2186"]
[BlackElo "2054"]
[WhiteClock "00:16:31"]
[BlackClock "00:10:30"]
[PlyCount "56"]
[WhiteFideId "12955752"]
[BlackFideId "12983845"]
[EventCountry "GER"]
[EventRounds "7"]
[EventType "swiss"]
[EventDate "2020.10.19"]

1. e4 {[%clk 1:30:58]} c5 {[%clk 1:29:55]} 2. Nf3 {[%clk 1:31:25]} d6 {[%clk
1:30:19]} 3. d4 {[%clk 1:31:52]} cxd4 {[%clk 1:30:42]} 4. Nxd4 {[%clk 1:32:20]}
Nf6 {[%clk 1:31:04]} 5. Nc3 {[%clk 1:32:46]} g6 {[%clk 1:29:48]} 6. Be3 {[%clk
1:33:12]} Bg7 {[%clk 1:30:09]} 7. f3 {[%clk 1:33:39]} O-O {[%clk 1:29:17]} 8.
Qd2 {[%clk 1:34:06]} Nc6 {[%clk 1:29:40]} 9. Bc4 {[%clk 1:34:33]} Bd7 {[%clk
1:28:51]} 10. O-O-O {[%clk 1:34:58]} Rc8 {[%clk 1:27:32]} 11. Bb3 {[%clk
1:35:23]} Ne5 {[%clk 1:27:04]} 12. Kb1 {[%clk 1:35:49]} a6 {[%clk 1:24:39]} 13.
h4 {[%clk 1:32:12]} h5 {[%clk 1:21:17]} 14. Bg5 {[%clk 1:31:48]} Nc4 {[%clk
1:05:27]} 15. Bxc4 {[%clk 1:20:12]} Rxc4 {[%clk 1:05:48]} 16. e5 {[%clk
1:20:00]} Nh7 {[%clk 0:33:13]} 17. Qe2 {[%clk 0:36:17]} Rxd4 {[%clk 0:28:33]}
18. Rxd4 {[%clk 0:35:44]} Bxe5 {[%clk 0:28:53]} 19. Rd3 {[%clk 0:33:55]} Nxg5
{[%clk 0:27:26]} 20. hxg5 {[%clk 0:34:20]} Be6 {[%clk 0:26:28]} 21. Re3 {[%clk
0:31:49]} Qa5 {[%clk 0:26:14]} 22. a3 {[%clk 0:30:07]} Rc8 {[%clk 0:26:25]} 23.
Qe1 {[%clk 0:21:47]} Rc4 {[%clk 0:16:43]} 24. Rh4 {[%clk 0:18:19]} Bxc3 {[%clk
0:15:08]} 25. Rxc3 {[%clk 0:18:33]} Rxc3 {[%clk 0:15:18]} 26. Qxc3 {[%clk
0:18:54]} Qxg5 {[%clk 0:15:31]} 27. Rb4 {[%clk 0:16:07]} Qxg2 {[%clk 0:14:51]}
28. b3 {[%clk 0:16:31]} Bd5 {[%clk 0:10:30]} 1/2-1/2

[Event "DEM U18 2020"]
[Site "Willingen GER"]
[Date "2020.10.21"]
[Round "2"]
[White "Pahl, Theis"]
[Black "Burian, Simon"]
[Result "1/2-1/2"]
[Termination "normal"]
[Board "13"]
[WhiteElo "2056"]
[BlackElo "2113"]
[WhiteClock "00:28:45"]
[BlackClock "00:37:56"]
[PlyCount "49"]
[WhiteFideId "16201264"]
[BlackFideId "12956902"]
[EventCountry "GER"]
[EventRounds "7"]
[EventType "swiss"]
[EventDate "2020.10.19"]

1. e4 {[%clk 1:30:57]} c6 {[%clk 1:30:56]} 2. d3 {[%clk 1:25:57]} d5 {[%clk
1:30:32]} 3. Nd2 {[%clk 1:26:20]} e5 {[%clk 1:25:52]} 4. Ngf3 {[%clk 1:26:31]}
Bd6 {[%clk 1:25:26]} 5. g3 {[%clk 1:26:16]} Nf6 {[%clk 1:24:50]} 6. Bg2 {[%clk
1:25:57]} O-O {[%clk 1:24:59]} 7. O-O {[%clk 1:26:20]} Nbd7 {[%clk 1:24:12]} 8.
Re1 {[%clk 1:23:31]} Qc7 {[%clk 1:23:11]} 9. b3 {[%clk 1:17:05]} Re8 {[%clk
1:14:13]} 10. Bb2 {[%clk 1:16:31]} Nf8 {[%clk 1:11:17]} 11. d4 {[%clk 1:08:55]}
exd4 {[%clk 1:07:23]} 12. Nxd4 {[%clk 1:06:52]} Bg4 {[%clk 1:04:46]} 13. Qc1
{[%clk 1:05:49]} a6 {[%clk 1:00:33]} 14. exd5 {[%clk 1:05:34]} Rxe1+ {[%clk
0:58:03]} 15. Qxe1 {[%clk 1:05:41]} Re8 {[%clk 0:58:18]} 16. Qc1 {[%clk
1:05:39]} cxd5 {[%clk 0:56:09]} 17. Nf1 {[%clk 1:04:49]} Qc5 {[%clk 0:49:18]}
18. Ne3 {[%clk 1:02:43]} Be5 {[%clk 0:46:41]} 19. Nxg4 {[%clk 0:50:02]} Nxg4
{[%clk 0:45:55]} 20. Qd2 {[%clk 0:49:59]} Nf6 {[%clk 0:44:10]} 21. Qd3 {[%clk
0:40:24]} h6 {[%clk 0:41:48]} 22. h3 {[%clk 0:34:20]} Ne6 {[%clk 0:37:06]} 23.
Nxe6 {[%clk 0:30:00]} Rxe6 {[%clk 0:37:30]} 24. Bxe5 {[%clk 0:30:13]} Rxe5
{[%clk 0:37:56]} 25. Rd1 {[%clk 0:28:45]} 1/2-1/2

[Event "DEM U18 2020"]
[Site "Willingen GER"]
[Date "2020.10.22"]
[Round "4"]
[White "Stork, Oliver"]
[Black "Suvorov, Alexander"]
[Result "1/2-1/2"]
[Termination "normal"]
[Board "1"]
[WhiteTitle "FM"]
[BlackTitle "FM"]
[WhiteElo "2371"]
[BlackElo "2313"]
[WhiteClock "00:01:27"]
[BlackClock "00:16:22"]
[PlyCount "83"]
[WhiteFideId "12955728"]
[BlackFideId "12977063"]
[EventCountry "GER"]
[EventRounds "7"]
[EventType "swiss"]
[EventDate "2020.10.19"]

1. e4 {[%clk 1:30:57]} c5 {[%clk 1:30:48]} 2. Nf3 {[%clk 1:31:20]} e6 {[%clk
1:30:57]} 3. d4 {[%clk 1:31:43]} cxd4 {[%clk 1:31:15]} 4. Nxd4 {[%clk 1:32:07]}
Nc6 {[%clk 1:31:35]} 5. Nc3 {[%clk 1:32:29]} Qc7 {[%clk 1:31:44]} 6. g3 {[%clk
1:32:34]} a6 {[%clk 1:31:44]} 7. Bg2 {[%clk 1:32:50]} Nf6 {[%clk 1:31:43]} 8.
O-O {[%clk 1:32:58]} Nxd4 {[%clk 1:31:49]} 9. Qxd4 {[%clk 1:33:20]} Bc5 {[%clk
1:32:02]} 10. Bf4 {[%clk 1:33:41]} d6 {[%clk 1:32:11]} 11. Qd2 {[%clk 1:33:49]}
h6 {[%clk 1:32:19]} 12. Rad1 {[%clk 1:33:48]} e5 {[%clk 1:32:09]} 13. Be3
{[%clk 1:34:11]} Bb4 {[%clk 1:32:13]} 14. Nb5 {[%clk 1:34:22]} axb5 {[%clk
1:32:23]} 15. Qxb4 {[%clk 1:34:45]} Rxa2 {[%clk 1:32:23]} 16. Rxd6 {[%clk
1:35:00]} O-O {[%clk 1:30:12]} 17. Rd2 {[%clk 1:34:55]} Qc4 {[%clk 1:25:50]}
18. Bc5 {[%clk 1:15:29]} Re8 {[%clk 1:20:15]} 19. c3 {[%clk 1:12:24]} Qxb4
{[%clk 0:40:01]} 20. Bxb4 {[%clk 1:08:55]} Bd7 {[%clk 0:40:15]} 21. f3 {[%clk
0:40:06]} Raa8 {[%clk 0:37:47]} 22. Rfd1 {[%clk 0:35:35]} Bc6 {[%clk 0:37:56]}
23. Kf2 {[%clk 0:35:43]} g5 {[%clk 0:30:28]} 24. Ke3 {[%clk 0:31:41]} h5 {[%clk
0:27:36]} 25. Bh3 {[%clk 0:14:22]} g4 {[%clk 0:25:11]} 26. Bg2 {[%clk 0:14:47]}
Re6 {[%clk 0:24:26]} 27. h3 {[%clk 0:10:51]} Rae8 {[%clk 0:21:06]} 28. Rh1
{[%clk 0:08:10]} Kg7 {[%clk 0:17:19]} 29. hxg4 {[%clk 0:05:44]} hxg4 {[%clk
0:17:40]} 30. Rh4 {[%clk 0:04:05]} Rh8 {[%clk 0:16:26]} 31. Rxh8 {[%clk
0:03:50]} Kxh8 {[%clk 0:16:55]} 32. Rd6 {[%clk 0:03:56]} gxf3 {[%clk 0:16:44]}
33. Bxf3 {[%clk 0:03:33]} Rxd6 {[%clk 0:16:47]} 34. Bxd6 {[%clk 0:03:58]} Nd7
{[%clk 0:17:04]} 35. Bg4 {[%clk 0:02:47]} f6 {[%clk 0:17:05]} 36. Bf5 {[%clk
0:02:03]} Kg7 {[%clk 0:16:41]} 37. Kf3 {[%clk 0:01:48]} Nf8 {[%clk 0:16:18]}
38. Kg4 {[%clk 0:00:35]} Nh7 {[%clk 0:15:27]} 39. Bxh7 {[%clk 0:00:36]} Kxh7
{[%clk 0:15:46]} 40. Kf5 {[%clk 0:00:39]} Kg7 {[%clk 0:16:06]} 41. Ke6 {[%clk
0:01:05]} Bxe4 {[%clk 0:16:22]} 42. Be7 {[%clk 0:01:27]} 1/2-1/2

[Event "DEM U18 2020"]
[Site "Willingen GER"]
[Date "2020.10.22"]
[Round "4"]
[White "Richter, Nils"]
[Black "Schmider, Niklas"]
[Result "1/2-1/2"]
[Termination "normal"]
[Board "2"]
[WhiteElo "2290"]
[BlackElo "2291"]
[WhiteClock "00:17:28"]
[BlackClock "00:01:31"]
[PlyCount "97"]
[WhiteFideId "12990809"]
[BlackFideId "12993778"]
[EventCountry "GER"]
[EventRounds "7"]
[EventType "swiss"]
[EventDate "2020.10.19"]

1. e4 {[%clk 1:30:58]} c5 {[%clk 1:30:40]} 2. Nf3 {[%clk 1:31:20]} d6 {[%clk
1:31:03]} 3. d4 {[%clk 1:31:43]} cxd4 {[%clk 1:31:25]} 4. Nxd4 {[%clk 1:32:07]}
Nf6 {[%clk 1:31:44]} 5. Nc3 {[%clk 1:32:30]} a6 {[%clk 1:32:07]} 6. h3 {[%clk
1:32:44]} e6 {[%clk 1:31:14]} 7. g4 {[%clk 1:31:49]} Be7 {[%clk 1:31:14]} 8. g5
{[%clk 1:31:12]} Nfd7 {[%clk 1:31:13]} 9. Be3 {[%clk 1:31:04]} Nc6 {[%clk
1:30:42]} 10. h4 {[%clk 1:29:53]} Qc7 {[%clk 1:14:00]} 11. Qd2 {[%clk 1:26:19]}
Nde5 {[%clk 1:12:25]} 12. Rh3 {[%clk 1:24:41]} O-O {[%clk 1:07:42]} 13. O-O-O
{[%clk 1:20:03]} Nxd4 {[%clk 1:06:43]} 14. Bxd4 {[%clk 1:18:02]} Nc6 {[%clk
0:59:08]} 15. Be3 {[%clk 1:15:51]} b5 {[%clk 0:53:26]} 16. h5 {[%clk 1:07:22]}
Qa5 {[%clk 0:48:09]} 17. Kb1 {[%clk 0:59:43]} b4 {[%clk 0:45:12]} 18. Ne2
{[%clk 0:59:38]} e5 {[%clk 0:43:38]} 19. Rg3 {[%clk 0:50:35]} Be6 {[%clk
0:43:00]} 20. Nc1 {[%clk 0:50:58]} Rad8 {[%clk 0:34:51]} 21. Bg2 {[%clk
0:42:08]} Qb5 {[%clk 0:26:34]} 22. g6 {[%clk 0:37:47]} Bh4 {[%clk 0:23:51]} 23.
gxf7+ {[%clk 0:35:32]} Bxf7 {[%clk 0:20:10]} 24. Rg4 {[%clk 0:32:16]} Bf6
{[%clk 0:19:37]} 25. Rh1 {[%clk 0:32:23]} Kh8 {[%clk 0:18:13]} 26. Bg5 {[%clk
0:30:45]} Be6 {[%clk 0:17:20]} 27. Rg3 {[%clk 0:28:12]} Qb7 {[%clk 0:14:38]}
28. h6 {[%clk 0:26:11]} g6 {[%clk 0:14:52]} 29. Rf1 {[%clk 0:21:28]} Bxg5
{[%clk 0:14:06]} 30. Rxg5 {[%clk 0:21:13]} Bc4 {[%clk 0:13:48]} 31. Rd1 {[%clk
0:18:33]} Nd4 {[%clk 0:13:36]} 32. Rg3 {[%clk 0:15:49]} Rc8 {[%clk 0:11:09]}
33. Qe3 {[%clk 0:11:42]} Qb6 {[%clk 0:07:08]} 34. Rd2 {[%clk 0:11:27]} a5
{[%clk 0:06:53]} 35. Nb3 {[%clk 0:09:46]} Bxb3 {[%clk 0:06:26]} 36. axb3 {[%clk
0:10:15]} Ra8 {[%clk 0:04:04]} 37. c3 {[%clk 0:08:05]} bxc3 {[%clk 0:03:44]}
38. bxc3 {[%clk 0:08:34]} Qxb3+ {[%clk 0:02:32]} 39. Rb2 {[%clk 0:09:03]} Qd1+
{[%clk 0:01:12]} 40. Qc1 {[%clk 0:09:31]} Qxc1+ {[%clk 0:01:08]} 41. Kxc1
{[%clk 0:10:00]} Ne6 {[%clk 0:25:40]} 42. Rb6 {[%clk 0:24:16]} a4 {[%clk
0:21:03]} 43. Rf3 {[%clk 0:23:24]} Nf4 {[%clk 0:19:55]} 44. Bf1 {[%clk
0:23:07]} Rfb8 {[%clk 0:09:56]} 45. Rb4 {[%clk 0:21:23]} Kg8 {[%clk 0:07:16]}
46. Bc4+ {[%clk 0:17:54]} Kf8 {[%clk 0:07:40]} 47. Kb2 {[%clk 0:17:15]} Ke7
{[%clk 0:07:19]} 48. Bd5 {[%clk 0:17:00]} Nxd5 {[%clk 0:01:31]} 49. exd5 {[%clk
0:17:28]} 1/2-1/2